The sound of falling leaves / (Record no. 130300)

MARC details
000 -LEADER
fixed length control field 00667nam a22002297a 4500
005 - DATE AND TIME OF LATEST TRANSACTION
control field 20170124110110.0
010 ## - LIBRARY OF CONGRESS CONTROL NUMBER
LC control number A-727989
020 ## - INTERNATIONAL STANDARD BOOK NUMBER
Terms of availability 75.00
International Standard Book Number 817201662
035 ## - SYSTEM CONTROL NUMBER
System control number A-727989
037 ## - SOURCE OF ACQUISITION
Source of stock number/acquisition Cen Lib/Ret
040 ## - CATALOGING SOURCE
Original cataloging agency DPL
Language of cataloging EN
082 ## - DEWEY DECIMAL CLASSIFICATION NUMBER
Classification number S
Item number HYD
100 ## - MAIN ENTRY--PERSONAL NAME
Personal name Hyder, Qurratulain
9 (RLIN) 27875
245 ## - TITLE STATEMENT
Title The sound of falling leaves /
Statement of responsibility, etc by Qurratulain Hyder
260 ## - PUBLICATION, DISTRIBUTION, ETC. (IMPRINT)
Place of publication, distribution, etc New Delhi
Name of publisher, distributor, etc Sahita akademy
Date of publication, distribution, etc 1994
270 ## - ADDRESS
City New Delhi
Address Rabindra bhavan, 35 Frerozshah road
Postal code 110001
300 ## - PHYSICAL DESCRIPTION
Extent xv,249p.
Dimensions 21cm(Hb)
490 ## - SERIES STATEMENT
Series statement Award winning urdu short stories
650 ## - SUBJECT ADDED ENTRY--TOPICAL TERM
Topical term or geographic name as entry element Literature
9 (RLIN) 6262
650 ## - SUBJECT ADDED ENTRY--TOPICAL TERM
Topical term or geographic name as entry element Short stories
9 (RLIN) 44
942 ## - ADDED ENTRY ELEMENTS (KOHA)
Source of classification or shelving scheme Dewey Decimal Classification
Koha item type English Books
Classification part S
Call number suffix HYD
Holdings
Withdrawn status Lost status Damaged status Not for loan Home library Current library Date acquired Source of acquisition Cost, normal purchase price Total Checkouts Full call number Barcode Date last seen Copy number Cost, replacement price Price effective from Koha item type Public note
Written off       Central Library Central Library 09/07/2015 Cen Lib/Ret 75.00   S HYD A-727989 09/07/2015 1 75.00 09/07/2015 English Books Written off on approval by DLB (By Circulation); dtd 15-06-2023
Withdrawn       Central Library Central Library 09/07/2015 Cen Lib/Ret 75.00   S HYD A-727988 09/07/2015 1 75.00 09/07/2015 English Books W/d List No. 6846/20 : dtd 9/7/20

© Delhi Public Library
Hit Counter
free hit counter